000 00707nam a2200217Ia 4500
001 262
005 20251205091811.0
008 251203t9999||||xx |||||||||||||| ||spa||
020 _a9972580288
041 _aESP
082 _a920
_bV66
100 _aVillanueva Sotomayor, Julio R.,
_cAUT
245 0 _aDueños del tiempo :
_bcélebres personajes del Perú
260 _a[Lugar de publicación no identificado],
_bQuebecor World Perú :
_c[Fecha de publicación no identificada]
300 _a367 páginas :
_b ilustraciones, fotografías ;
_c 29 cm.
440 _a(La República)
650 _aGEH
653 _aBiografías históricas; Hombres - Biografías
654 _aCTP
942 _cLIB
_dJUS
_fMAT
_2ddc
999 _c262
_d262